000 00774nam a2200241Ia 4500
003 OSt
005 20220923221610.0
006 a|||||r|||| 00| 0
007 ta
008 220922b |||||||| |||| 00| 0 hin d
024 _a198,454
037 _cTextual
040 _aARTS
_cARTS
_bhin
041 _2hin
_ahin
082 _aP152:3, M9
100 _aयादव, द्धिज राम
245 0 _aप्रयोजनमनक हिन्दी व्याकरण
246 _aPrayojanahinak hindī vyākaraṇa
260 _aकानपुर
_b साहित्य रत्नाकार
_c1989
300 _a260पृ.
_ccm.
942 _hP152:3, M9
_cTEXL
_2CC
999 _c350300
_d350300